Faculty of Law Library — Cairo University

Official Online Catalog

L'Élaboration Historique Du Principe De Séparation De La Juridiction Administrative Et De L'Administration Active : (Record no. 76013)

MARC details
000 -LEADER
fixed length control field 01165nam a2200313 i 4500
003 - CONTROL NUMBER IDENTIFIER
control field EG-GICUC
005 - DATE AND TIME OF LATEST TRANSACTION
control field 20260506140233.0
008 - FIXED-LENGTH DATA ELEMENTS--GENERAL INFORMATION
fixed length control field 260506s1970 fr |||fr|||| 000 0 Fre d
040 ## - CATALOGING SOURCE
Original cataloging agency EG-GiCUC
Language of cataloging fre
Transcribing agency EG-GiCUC
Modifying agency EG-GiCUC
Description conventions Rda
041 0# - LANGUAGE CODE
Language code of text/sound track or separate title fre
082 04 - DEWEY DECIMAL CLASSIFICATION NUMBER
Classification number 345.623
Item number CH . É
Edition number 21
092 04 - LOCALLY ASSIGNED DEWEY CALL NUMBER (OCLC)
Edition number 21
099 ## - LOCAL FREE-TEXT CALL NUMBER (OCLC)
Classification number Law 07 345.623 CH . É 1970
100 1# - MAIN ENTRY--PERSONAL NAME
Personal name Chevallier, Jacques.
Relator term Auteur
245 10 - TITLE STATEMENT
Title L'Élaboration Historique Du Principe De Séparation De La Juridiction Administrative Et De L'Administration Active :
Number of part/section of a work Tome XCVII /
Statement of responsibility, etc. Par Jacques Chevallier, Marcel Waline; Préface De Roland Drago.
Remainder of title
264 #1 - PRODUCTION, PUBLICATION, DISTRIBUTION, MANUFACTURE, AND COPYRIGHT NOTICE
Place of production, publication, distribution, manufacture Paris :
Name of producer, publisher, distributor, manufacturer Librairie Generale De Droit Et De Jurisprudence,
Date of production, publication, distribution, manufacture, or copyright notice 1970.
300 ## - PHYSICAL DESCRIPTION
Extent 317 Page :
Dimensions 24 cm.
336 ## - CONTENT TYPE
Source rda contenu
Content type term texte
337 ## - MEDIA TYPE
Source rda medias
Media type term Ordinateur
338 ## - CARRIER TYPE
Source transporteur rda
Carrier type term Ressource en ligne
490 ## - SERIES STATEMENT
Series statement Bibliothéque De Droit Public
546 ## - LANGUAGE NOTE
Language note Texte en français
650 1# - SUBJECT ADDED ENTRY--TOPICAL TERM
Topical term or geographic name entry element Droit Administratif
700 1# - ADDED ENTRY--PERSONAL NAME
Personal name Drago, Roland
Relator term Préfacier
700 1# - ADDED ENTRY--PERSONAL NAME
Personal name Waline, Marcel
Relator term Co-Auteur
856 40 - ELECTRONIC LOCATION AND ACCESS
Uniform Resource Identifier <a href="https://fll.law.cu.edu.eg/fulltext/bks/B07-05443.pdf">https://fll.law.cu.edu.eg/fulltext/bks/B07-05443.pdf</a>
905 ## - Cataloger and Reviser Names
Cataloger Name: Hoda
942 ## - ADDED ENTRY ELEMENTS (KOHA)
Source of classification or shelving scheme Dewey Decimal Classification
Suppress in OPAC No
Koha item type Books
Edition 21
Holdings
Withdrawn status Lost status Source of classification or shelving scheme Materials specified (bound volume or other part) Damaged status Not for loan Collection Home library Current library Date acquired Total checkouts Full call number Barcode Date last seen Copy number Price effective from Koha item type
    Dewey Decimal Classification V97   Not for loan القانون الإداري جــــامعة القــاهرة مكتبة كلية الحقوق - المبنى الرئيسي 06.05.2026   Law1 07 345.623 CH . É 1970 0705443 V97, C1 B07-05443 06.05.2026 1 06.05.2026 Books

© All rights reserved — Faculty of Law, Cairo University